Know-how fond, príklad partnerskej spolupráce medzi Slovenskom a Veľkou Britániou

Know-how fond vytvorený na základe britskej technickej pomoci Slovensku kladie dôraz na rozvoj domácich ľudských zdrojov pre oblasť bankovníctva, manažmentu, malého a stredného podnikania a životného prostredia.

Saved in:
Bibliographic Details
Main Author: Faltinová, L.
Format: Book Chapter
Language:Slovak
Subjects:
Tags: Add Tag
No Tags, Be the first to tag this record!

MARC

LEADER 00000naa a2200000 4500
001 r020123
005 20221213100854.3
041 0 |a slo 
044 |a SK 
245 1 0 |a Know-how fond, príklad partnerskej spolupráce medzi Slovenskom a Veľkou Britániou  |c L. Faltinová 
520 |a Know-how fond vytvorený na základe britskej technickej pomoci Slovensku kladie dôraz na rozvoj domácich ľudských zdrojov pre oblasť bankovníctva, manažmentu, malého a stredného podnikania a životného prostredia. 
610 2 0 |a pomoc hospodárska 
610 2 0 |a Know-how fond 
610 2 0 |a Veľká Británia 
610 2 0 |a Slovensko 
610 2 0 |a bankovníctvo 
610 2 0 |a manažment 
610 2 0 |a podnikanie 
610 2 0 |a prostredie životné 
100 1 |a Faltinová, L.